• 首页
  • 本馆介绍
  • 公告通知
  • 最新文献
  • 馆藏检索
  • 电子资源
  • 读者导购
  • 参考咨询
  • 我的图书馆
  • 登录
  • 详细信息显示
  • 放入我的书架
  • 预约/预借图书
  • 作者相关作品
  • 分类相关作品
  • 丛书相关作品
  • 出版社相关作品

书目信息

  • 表格格式
  • 工作单格式
  • 卡片格式
题名:
复解析动力系统
    
 
作者: 吕以辇 著
分册:  
出版信息: 北京   科学出版社  1995.10
页数: 136页
开本: 21cm
丛书名: 现代数学基础丛书
单 册:
中图分类: O19
科图分类:
主题词: 突变理论 , 整体分析 , 流形分析 , 突变
电子资源:
ISBN: 7-03-004682-X
000 00640nam0 2200253 45
001 0009271436
005 20040524144710.3
010    @a7-03-004682-X@dCNY9.00
100    @a20000927d1995 km y0chiy0120 ea
101 0  @achi
105    @a z 000yy
200 1  @a复解析动力系统@f吕以辇著@FLu Yi Nian Zhu
210    @a北京@c科学出版社@d1995.10
215    @a136页@d21cm
225    @a现代数学基础丛书
410    @12001 @a现代数学基础丛书
606 0  @a突变理论
606 0  @a整体分析
606 0  @a流形分析
606 0  @a突变
690    @aO19@v1
701  0 @a吕以辇@4著
801    @aCN@bTSTC@c20000927
905    @dO19@e23@f4@b291102-105
    
    复解析动力系统/吕以辇著.-北京:科学出版社,1995.10
    136页;21cm.-(现代数学基础丛书)
    
    
    ISBN 7-03-004682-X:CNY9.00
    
●
相关链接 在E读中查询图书 在五车中查询图书 在当当中查询图书 在豆瓣中查询图书


正题名:复解析动力系统     索取号:O19/23         预约/预借

序号 登录号 条形码 馆藏地/架位号 状态 备注
1 0291102   002911022   第三借阅区/ [索取号:O19/23] 在馆    
2 0291103   002911031   第三借阅区/ [索取号:O19/23] 在馆    
3 0291104   002911040   第三借阅区/ [索取号:O19/23] 在馆    
4 0291105   002911059   第三借阅区/ [索取号:O19/23] 在馆    
5 0291106   002911068   第二样本阅览室/ [索取号:O19/23] 在馆    
唐山师范学院图书馆 欢迎您!
大连网信软件有限公司© 版权所有